Which Holiday II Quiz Stats

 Plays Quiz Updated Aug 29, 2018

Score 0/16 Timer 02:00
0 Plays Today
Question Answer Wrong Answers
Ireland Saint Patrick's Day
96.3%
Thanksgiving
0.5%
Hanukkah
0.2%
Kwanzaa
0.3%
Leprechaun Saint Patrick's Day
95.7%
Thanksgiving
0.5%
Hanukkah
0.5%
Kwanzaa
0.4%
Turkey Thanksgiving
95.3%
Saint Patrick's Day
0.3%
Hanukkah
0.5%
Kwanzaa
1.1%
Jewish Hanukkah
94.9%
Thanksgiving
0.6%
Saint Patrick's Day
0.4%
Kwanzaa
1.2%
Shamrock Saint Patrick's Day
94.7%
Thanksgiving
0.8%
Hanukkah
1%
Kwanzaa
0.7%
Pilgrim Thanksgiving
92.9%
Saint Patrick's Day
1.5%
Hanukkah
1.7%
Kwanzaa
1.1%
The Mayflower Thanksgiving
92%
Saint Patrick's Day
3%
Hanukkah
0.8%
Kwanzaa
1.4%
Menorah Hanukkah
91.5%
Thanksgiving
0.8%
Saint Patrick's Day
0.5%
Kwanzaa
4.4%
Plymouth Thanksgiving
90.1%
Saint Patrick's Day
3.5%
Hanukkah
1.5%
Kwanzaa
2%
Dr. Maulana Karenga Kwanzaa
89.9%
Thanksgiving
1%
Saint Patrick's Day
1.3%
Hanukkah
4.9%
Dreidel Hanukkah
88.4%
Thanksgiving
1.3%
Saint Patrick's Day
1.9%
Kwanzaa
5.5%
Imani Kwanzaa
85.8%
Thanksgiving
0.8%
Saint Patrick's Day
0.9%
Hanukkah
9.4%
Kinara Kwanzaa
82.8%
Thanksgiving
0.8%
Saint Patrick's Day
1.4%
Hanukkah
12%
Snakes Saint Patrick's Day
66.5%
Thanksgiving
0.9%
Hanukkah
4.2%
Kwanzaa
25.4%
Seven Principles Kwanzaa
63.7%
Thanksgiving
2.5%
Saint Patrick's Day
2%
Hanukkah
28.8%
Maccabees Hanukkah
62.5%
Thanksgiving
4.2%
Saint Patrick's Day
9.8%
Kwanzaa
20.4%

You're not logged in!

Compare scores with friends on all Sporcle quizzes.
OR
Log In

Sporcle TV

Today on Sporcle TV


Watch our educational content, quiz creation guides, and fun videos on Sporcle TV.

Show Comments

Extras

Top Quizzes Today


Score Distribution

Your Account Isn't Verified!

In order to create a playlist on Sporcle, you need to verify the email address you used during registration. Go to your Sporcle Settings to finish the process.

Report this User

Report this user for behavior that violates our Community Guidelines.

Details: